[Event "Villa Martelli Pro Am op 17th"]
[Site "Villa Martelli"]
[Date "2010.10.13"]
[Round "2"]
[White "Albarran, Gustavo Eduardo"]
[Black "Dolezal, Cristian"]
[Result "0-1"]
[WhiteElo "2165"]
[BlackElo "2413"]
[PlyCount "88"]
[EventDate "2010.10.10"]
[EventType "swiss"]
[EventRounds "9"]
[EventCountry "ARG"]
[SourceTitle "CBM 138 Extra"]
[Source "ChessBase"]
[SourceDate "2010.10.29"]
[SourceVersion "1"]
[SourceVersionDate "2010.10.29"]
[SourceQuality "1"]

1. c4 g6 2. g3 Bg7 3. Bg2 c5 4. Nc3 Nc6 5. d3 e6 6. e4 Nge7 7. Be3 d6 8. Qd2 Nd4 9. Nge2 Nec6 10. 0-0 0-0 11. f4 Bd7 12. Rad1 a6 13. Kh1 f5 14. Bg1 b5 15. Nxd4 cxd4 16. Ne2 Qb6 17. b3 a5 18. Rb1 Rab8 19. Qe1 Qa6 20. a3 a4 21. cxb5 Qxb5 22. bxa4 Qxd3 23. Rd1 Qc4 24. exf5 gxf5 25. Qd2 e5 26. fxe5 dxe5 27. Rc1 Qxa4 28. Qa2+ Kh8 29. Qd5 Ne7 30. Qd6 Ng6 31. Rc7 Rbd8 32. Re1 Bb5 33. Qc5 Rd7 34. Rxd7 Bxd7 35. Rb1 Rc8 36. Qd6 Qc6 37. Qb4 Bf8 38. Nxd4 Qxg2+ 39. Kxg2 Bxb4 40. axb4 exd4 41. Bxd4+ Kg8 42. b5 Rc4 43. Be3 Rc2+ 44. Kg1 Ne5 0-1

[Event "LNA Puma Cup"]
[Site "Argentina"]
[Date "2007.09.01"]
[Round "4"]
[White "Converset, Juan Jose"]
[Black "Albarran, Gustavo Eduardo"]
[Result "1-0"]
[WhiteElo "2243"]
[BlackElo "2221"]
[PlyCount "63"]
[EventDate "2007.08.11"]
[EventType "team"]
[EventRounds "9"]
[EventCountry "ARG"]
[SourceTitle "CBM 120 Extra"]
[Source "ChessBase"]
[SourceDate "2007.11.01"]
[SourceVersion "1"]
[SourceVersionDate "2007.11.01"]
[SourceQuality "1"]

1. e4 c5 2. Nf3 Nc6 3. Nc3 g6 4. d4 cxd4 5. Nxd4 Bg7 6. Be3 Nf6 7. Be2 0-0 8. Nb3 a5 9. a4 Nb4 10. f4 d5 11. e5 Ne4 12. Nb5 f6 13. c3 fxe5 14. cxb4 exf4 15. Bd4 e5 16. Bc5 Qh4+ 17. g3 fxg3 18. Qxd5+ Kh8 19. 0-0-0 Bf5 20. Bxf8 Rxf8 21. Bd3 Rd8 22. Qxb7 g2 23. Rhg1 Nf2 24. Bxf5 Qf4+ 25. Rd2 Bh6 26. Nd6 Rxd6 27. Qb8+ Kg7 28. Qxd6 Qc4+ 29. Kb1 Qf1+ 30. Rd1 Nxd1 31. Qxe5+ Kf8 32. Qf6+ 1-0

[Event "Torre Blanca"]
[Site "Buenos Aires"]
[Date "2006.02.22"]
[Round "7"]
[White "Albarran, Gustavo Eduardo"]
[Black "Converset, Juan Jose"]
[Result "0-1"]
[WhiteElo "2241"]
[BlackElo "2270"]
[PlyCount "78"]
[EventDate "2006.02.18"]
[EventType "tourn"]
[EventRounds "9"]
[EventCountry "ARG"]
[EventCategory "3"]
[SourceTitle "CBM 111 Extra"]
[Source "ChessBase"]
[SourceDate "2006.05.09"]
[SourceVersion "1"]
[SourceVersionDate "2006.05.09"]
[SourceQuality "1"]

1. d4 Nf6 2. c4 g6 3. Nc3 Bg7 4. e4 0-0 5. f4 d6 6. Nf3 Nbd7 7. e5 Ne8 8. c5 b6 9. c6 Nb8 10. d5 Bg4 11. Be2 Bxf3 12. Bxf3 dxe5 13. fxe5 Bxe5 14. Bh6 Ng7 15. Qe2 Qd6 16. Nb5 Qf6 17. 0-0 a6 18. Bxg7 Qxg7 19. Rae1 f6 20. Nc3 a5 21. Qc4 Kh8 22. a3 Na6 23. b4 axb4 24. axb4 Qh6 25. Rxe5 fxe5 26. Re1 Qd2 27. Rxe5 Nxb4 28. Re2 Ra1+ 29. Kf2 Nd3+ 30. Kg3 Qg5+ 31. Qg4 Rxf3+ 32. gxf3 Rg1+ 33. Rg2 Rxg2+ 34. Kxg2 Qd2+ 35. Kg3 Qe1+ 36. Kg2 Qxc3 37. Qc8+ Kg7 38. Qxc7 Qd2+ 39. Kh3 Qg5 0-1

[Event "Torre Blanca"]
[Site "Buenos Aires"]
[Date "2006.02.20"]
[Round "4"]
[White "Albarran, Gustavo Eduardo"]
[Black "Cubas, Jose Fernando"]
[Result "0-1"]
[WhiteElo "2241"]
[BlackElo "2428"]
[PlyCount "84"]
[EventDate "2006.02.18"]
[EventType "tourn"]
[EventRounds "9"]
[EventCountry "ARG"]
[EventCategory "3"]
[SourceTitle "CBM 111 Extra"]
[Source "ChessBase"]
[SourceDate "2006.05.09"]
[SourceVersion "1"]
[SourceVersionDate "2006.05.09"]
[SourceQuality "1"]

1. d4 d6 2. e4 g6 3. Nf3 Bg7 4. h3 Nd7 5. Bd3 e5 6. c3 Ne7 7. Bg5 h6 8. Bh4 0-0 9. g4 Qe8 10. Qe2 exd4 11. Nxd4 a6 12. Nd2 c5 13. N4f3 b5 14. Rc1 c4 15. Bc2 d5 16. e5 Nc6 17. 0-0 Ndxe5 18. Rce1 Nxf3+ 19. Qxf3 Qd7 20. Bf6 Bb7 21. Bxg7 Kxg7 22. Qf4 Rad8 23. Nf3 Qd6 24. Qxd6 Rxd6 25. Nd4 Rdd8 26. Rd1 Rfe8 27. Nxc6 Bxc6 28. Rd2 a5 29. Bd1 d4 30. cxd4 b4 31. Bc2 Rd6 32. Rc1 Red8 33. d5 Bxd5 34. Rcd1 Kf6 35. f4 Ke7 36. f5 gxf5 37. Bxf5 Be6 38. Rxd6 Rxd6 39. Rc1 Bxf5 40. gxf5 Rd2 41. a3 c3 42. bxc3 b3 0-1

[Event "Torre Blanca-ch"]
[Site "Buenos Aires"]
[Date "2005.03.27"]
[Round "4"]
[White "Felgaer, Ruben Alejandro"]
[Black "Albarran, Gustavo Eduardo"]
[Result "1-0"]
[WhiteElo "2588"]
[BlackElo "2279"]
[PlyCount "39"]
[EventDate "2005.03.24"]
[EventType "match"]
[EventRounds "4"]
[EventCountry "ARG"]
[SourceTitle "CBM 105 Extra"]
[Source "ChessBase"]
[SourceDate "2005.05.01"]
[SourceVersion "1"]
[SourceVersionDate "2005.05.01"]
[SourceQuality "1"]

1. e4 e6 2. d4 d5 3. Nd2 c5 4. Ngf3 Nf6 5. exd5 exd5 6. Bb5+ Bd7 7. Bxd7+ Nbxd7 8. 0-0 Be7 9. dxc5 Nxc5 10. Re1 0-0 11. Nf1 Nce4 12. Be3 Re8 13. Bd4 b6 14. Ne3 Bc5 15. c3 Rc8 16. Qa4 Rc7 17. Rad1 Qd7 18. Qc2 Re6 19. Nxd5 Bxd4 20. Nxd4 1-0

[Event "Torre Blanca-ch"]
[Site "Buenos Aires"]
[Date "2005.03.24"]
[Round "1"]
[White "Albarran, Gustavo Eduardo"]
[Black "Felgaer, Ruben Alejandro"]
[Result "1/2-1/2"]
[WhiteElo "2279"]
[BlackElo "2588"]
[PlyCount "70"]
[EventDate "2005.03.24"]
[EventType "match"]
[EventRounds "4"]
[EventCountry "ARG"]
[SourceTitle "CBM 105 Extra"]
[Source "ChessBase"]
[SourceDate "2005.05.01"]
[SourceVersion "1"]
[SourceVersionDate "2005.05.01"]
[SourceQuality "1"]

1. d4 d6 2. c4 e5 3. dxe5 dxe5 4. Qxd8+ Kxd8 5. Nf3 f6 6. Nc3 c6 7. Be3 Be6 8. 0-0-0+ Nd7 9. Nd2 Ne7 10. Nde4 Kc7 11. Nc5 Nxc5 12. Bxc5 Bxc4 13. Bd6+ Kc8 14. g3 Be6 15. e4 Ng6 16. Be2 Bh3 17. Bf1 Bxf1 18. Rhxf1 Bxd6 19. Rxd6 Kc7 20. Rd3 Rad8 21. Kd2 Rd4 22. Rxd4 exd4 23. Ne2 c5 24. f4 Kd6 25. b4 b6 26. bxc5+ bxc5 27. Rb1 Re8 28. Kd3 Kc6 29. Ng1 f5 30. e5 Kd5 31. Rb5 Ne7 32. Nf3 Nc6 33. a3 Rb8 34. Nxd4 Rd8 35. Nb3 Ke6+ 1/2-1/2

[Event "Torre Blanca op Superior"]
[Site "Buenos Aires"]
[Date "2004.12.22"]
[Round "8"]
[White "Albarran, Gustavo Eduardo"]
[Black "Koch, Juan Enrique"]
[Result "1/2-1/2"]
[WhiteElo "2236"]
[BlackElo "2047"]
[PlyCount "61"]
[EventDate "2004.12.02"]
[EventType "swiss"]
[EventRounds "9"]
[EventCountry "ARG"]
[SourceTitle "EXT 2006"]
[Source "ChessBase"]
[SourceDate "2005.11.24"]
[SourceVersion "1"]
[SourceVersionDate "2005.11.24"]
[SourceQuality "1"]

1. d4 Nf6 2. Nf3 g6 3. c4 c5 4. Nc3 cxd4 5. Nxd4 Nc6 6. e4 Bg7 7. Be3 Ng4 8. Qxg4 Nxd4 9. Qd1 Nc6 10. Qd2 Qa5 11. Rc1 0-0 12. Be2 d6 13. 0-0 Be6 14. Rfd1 Rfc8 15. f4 f5 16. exf5 gxf5 17. a3 Kh8 18. Nd5 Qxd2 19. Rxd2 Na5 20. Rcd1 Bxd5 21. Rxd5 Nxc4 22. Bxc4 Rxc4 23. Rxf5 Bxb2 24. Rb1 Bf6 25. Rxb7 Rc3 26. Rxa7 Rxa7 27. Bxa7 Rxa3 28. Bb6 Rb3 29. Ba7 Ra3 30. Bb6 Rb3 31. Ba7 1/2-1/2

[Event "Villa Martelli Pro Am op 11th"]
[Site "Villa Martelli"]
[Date "2004.11.14"]
[Round "9"]
[White "Albarran, Gustavo Eduardo"]
[Black "Slipak, Sergio"]
[Result "1/2-1/2"]
[WhiteElo "2236"]
[BlackElo "2501"]
[PlyCount "24"]
[EventDate "2004.11.04"]
[EventType "swiss"]
[EventRounds "9"]
[EventCountry "ARG"]
[SourceTitle "CBM 103 Extra"]
[Source "ChessBase"]
[SourceDate "2005.01.01"]
[SourceVersion "1"]
[SourceVersionDate "2005.01.01"]
[SourceQuality "1"]

1. d4 d5 2. c4 dxc4 3. Nf3 a6 4. e3 e6 5. Bxc4 c5 6. 0-0 Nf6 7. dxc5 Bxc5 8. Qxd8+ Kxd8 9. Nbd2 Ke7 10. Be2 b6 11. Ne5 Bb7 12. Nd3 Nbd7 1/2-1/2

[Event "Villa Martelli Pro Am op 11th"]
[Site "Villa Martelli"]
[Date "2004.11.04"]
[Round "1"]
[White "Grosso, Osvaldo"]
[Black "Albarran, Gustavo Eduardo"]
[Result "0-1"]
[WhiteElo "1815"]
[BlackElo "2236"]
[PlyCount "104"]
[EventDate "2004.11.04"]
[EventType "swiss"]
[EventRounds "9"]
[EventCountry "ARG"]
[SourceTitle "CBM 103 Extra"]
[Source "ChessBase"]
[SourceDate "2005.01.01"]
[SourceVersion "1"]
[SourceVersionDate "2005.01.01"]
[SourceQuality "1"]

1. d4 Nf6 2. c4 e6 3. Nc3 Bb4 4. Qc2 0-0 5. Nf3 b6 6. e3 Bb7 7. Be2 Ne4 8. Bd2 Nxd2 9. Qxd2 d5 10. cxd5 exd5 11. a3 Be7 12. 0-0 Nd7 13. Rac1 Nf6 14. Qc2 c5 15. Rfd1 Qc8 16. Bd3 g6 17. Be2 Rd8 18. Qb3 c4 19. Qc2 a6 20. Ne5 b5 21. Re1 Ne4 22. Nf3 Kg7 23. Qd1 Qf5 24. Rf1 Bd6 25. Qc2 Qf6 26. Qd1 Re8 27. Re1 Rad8 28. Qc2 Bb8 29. Ra1 Qd6 30. Reb1 Bc8 31. g3 Qf6 32. Qd1 g5 33. Nxe4 dxe4 34. Nd2 Qh6 35. Bg4 f5 36. Be2 Rd6 37. a4 f4 38. Bg4 f3 39. Bxc8 Rxc8 40. Nxe4 g4 41. Nxd6 Qxd6 42. axb5 axb5 43. Ra2 h5 44. Kf1 h4 45. Ke1 hxg3 46. hxg3 Rh8 47. Kd2 Rh2 48. Qf1 Qxg3 49. Kc3 Rxf2 50. Qg1 Rg2 51. Qh1 Qf2 52. Ra6 Qd2# 0-1

[Event "Ricardo Lettieri IRT"]
[Site "Pinamar"]
[Date "2004.07.13"]
[Round "8"]
[White "Gargiulo, Lucas"]
[Black "Albarran, Gustavo Eduardo"]
[Result "1-0"]
[WhiteElo "2186"]
[BlackElo "2237"]
[PlyCount "49"]
[EventDate "2004.07.08"]
[EventType "tourn"]
[EventRounds "11"]
[EventCountry "ARG"]
[SourceTitle "EXT 2008"]
[Source "ChessBase"]
[SourceDate "2007.11.25"]
[SourceVersion "1"]
[SourceVersionDate "2007.11.25"]
[SourceQuality "1"]

1. d4 Nf6 2. c4 e6 3. Nf3 c5 4. Nc3 d5 5. e3 Nc6 6. cxd5 exd5 7. Be2 cxd4 8. Nxd4 Bd6 9. 0-0 0-0 10. b3 Ne5 11. Bb2 Nfg4 12. h3 Qh4 13. Nxd5 Nh2 14. Re1 Bxh3 15. gxh3 Rad8 16. Nf4 f5 17. Bf3 g5 18. Bd5+ Nf7 19. Qh5 Bxf4 20. Bxf7+ Rxf7 21. Qxh4 gxh4 22. exf4 Rxd4 23. Re8+ Rf8 24. Rxf8+ Kxf8 25. Kxh2 1-0

[Event "Ricardo Lettieri IRT"]
[Site "Pinamar"]
[Date "2004.07.11"]
[Round "5"]
[White "Albarran, Gustavo Eduardo"]
[Black "Fiori, Hector Dionisio"]
[Result "1/2-1/2"]
[WhiteElo "2237"]
[BlackElo "2080"]
[PlyCount "95"]
[EventDate "2004.07.08"]
[EventType "tourn"]
[EventRounds "11"]
[EventCountry "ARG"]
[SourceTitle "EXT 2008"]
[Source "ChessBase"]
[SourceDate "2007.11.25"]
[SourceVersion "1"]
[SourceVersionDate "2007.11.25"]
[SourceQuality "1"]

1. c4 Nf6 2. Nc3 e6 3. d4 c5 4. e3 d5 5. Nf3 dxc4 6. Bxc4 a6 7. a4 Nc6 8. 0-0 Be7 9. Qe2 cxd4 10. Rd1 0-0 11. exd4 Nb4 12. Bg5 Nbd5 13. Ne5 Nxc3 14. bxc3 Nd5 15. Bxe7 Qxe7 16. Qf3 Qd6 17. h4 f6 18. Ng4 Bd7 19. Bxd5 Qxd5 20. Qxd5 exd5 21. Ne3 Be6 22. Rab1 Rac8 23. Rb6 Rfe8 24. Rc1 Rc7 25. Kf1 h5 26. Ke2 Bd7 27. a5 Bc6 28. Kd2 Rce7 29. Re1 Kf7 30. Nc2 Rxe1 31. Nxe1 Re7 32. Nc2 g5 33. hxg5 fxg5 34. g3 h4 35. gxh4 gxh4 36. Rb1 Kf6 37. Rh1 Rh7 38. Ke3 Kf5 39. Kf3 Kg5 40. Rg1+ Kh5 41. Ne3 Rf7+ 42. Ke2 h3 43. Rg8 Rh7 44. Ng4 Bb5+ 45. Kf3 Kh4 46. Nf6 Be2+ 47. Kxe2 h2 48. Rg4+ 1/2-1/2

[Event "Ricardo Lettieri IRT"]
[Site "Pinamar"]
[Date "2004.07.10"]
[Round "3"]
[White "Pedro, Fernando Pablo"]
[Black "Albarran, Gustavo Eduardo"]
[Result "1-0"]
[WhiteElo "2255"]
[BlackElo "2237"]
[PlyCount "115"]
[EventDate "2004.07.08"]
[EventType "tourn"]
[EventRounds "11"]
[EventCountry "ARG"]
[SourceTitle "EXT 2008"]
[Source "ChessBase"]
[SourceDate "2007.11.25"]
[SourceVersion "1"]
[SourceVersionDate "2007.11.25"]
[SourceQuality "1"]

1. e4 e6 2. d4 d5 3. Nd2 c5 4. Ngf3 a6 5. exd5 exd5 6. dxc5 Bxc5 7. Nb3 Be7 8. Be2 Nf6 9. 0-0 0-0 10. a4 Bf5 11. Nbd4 Be4 12. Ng5 Bg6 13. h4 Nc6 14. Nxc6 bxc6 15. Nh3 Bf5 16. Nf4 Ne4 17. g3 Bc5 18. Kg2 Re8 19. f3 Nxg3 20. Kxg3 Bd6 21. Bd3 Bd7 22. Qd2 g5 23. Kg2 gxf4 24. Qf2 Kh8 25. Rh1 Qf6 26. Rh2 Bb8 27. Bd2 Qxb2 28. Re1 Rg8+ 29. Kh1 Ba7 30. Qf1 Qf6 31. Rg2 Rxg2 32. Qxg2 Rg8 33. Qe2 Bd4 34. Qe7 Qh6 35. Re2 Be6 36. Rg2 Rxg2 37. Kxg2 Qg7+ 38. Qg5 Bf6 39. Qxg7+ Kxg7 40. Bxf4 a5 41. Bc7 c5 42. Bxa5 c4 43. Be2 Bf5 44. c3 Bxh4 45. Bb6 Bf6 46. a5 Bc8 47. Bd4 Bxd4 48. cxd4 Kf6 49. Kg3 h5 50. Bd1 Ba6 51. Bc2 c3 52. Kf4 Bc8 53. Ba4 h4 54. Bc2 h3 55. Kg3 Kg5 56. a6 Bxa6 57. Kxh3 Kf4 58. Kg2 1-0

[Event "Buenos Aires Metropolitano op"]
[Site "Buenos Aires"]
[Date "2004.06.09"]
[Round "7"]
[White "Albarran, Gustavo Eduardo"]
[Black "Perdomo, Leandro Daniel"]
[Result "1/2-1/2"]
[WhiteElo "2237"]
[BlackElo "2306"]
[PlyCount "25"]
[EventDate "2004.05.19"]
[EventType "swiss"]
[EventRounds "7"]
[EventCountry "ARG"]
[SourceTitle "EXT 2006"]
[Source "ChessBase"]
[SourceDate "2005.11.24"]
[SourceVersion "1"]
[SourceVersionDate "2005.11.24"]
[SourceQuality "1"]

1. c4 g6 2. Nc3 Bg7 3. g3 Nf6 4. Bg2 0-0 5. e4 d6 6. Nge2 c5 7. 0-0 Nc6 8. d3 Ne8 9. Be3 Nd4 10. Qd2 Nc7 11. Bh6 Nce6 12. Bxg7 Kxg7 13. f4 1/2-1/2

[Event "Buenos Aires Metropolitano op"]
[Site "Buenos Aires"]
[Date "2004.06.02"]
[Round "5"]
[White "Altamirano, Benjamin"]
[Black "Albarran, Gustavo Eduardo"]
[Result "1-0"]
[WhiteElo "2296"]
[BlackElo "2237"]
[PlyCount "67"]
[EventDate "2004.05.19"]
[EventType "swiss"]
[EventRounds "7"]
[EventCountry "ARG"]
[SourceTitle "EXT 2006"]
[Source "ChessBase"]
[SourceDate "2005.11.24"]
[SourceVersion "1"]
[SourceVersionDate "2005.11.24"]
[SourceQuality "1"]

1. b4 d5 2. Nf3 Bf5 3. e3 e6 4. Bb2 Nf6 5. c4 Nbd7 6. c5 a5 7. a3 axb4 8. axb4 Rxa1 9. Bxa1 Qa8 10. Nc3 c6 11. Nh4 Bc2 12. Qc1 Ne5 13. Nf3 Nd3+ 14. Bxd3 Bxd3 15. Ne5 Qa6 16. Nxd3 Qxd3 17. Qb1 Qxb1+ 18. Nxb1 Be7 19. Nc3 0-0 20. Ke2 Ra8 21. Rb1 Nd7 22. f4 Bf6 23. d4 g6 24. b5 cxb5 25. Nxb5 Nxc5 26. dxc5 Bxa1 27. Nd6 d4 28. exd4 Bxd4 29. Nxb7 Rc8 30. Rb5 e5 31. Kd3 Bg1 32. fxe5 Bxh2 33. Nd6 Rc7 34. Rb8+ 1-0

[Event "Buenos Aires Metropolitano op"]
[Site "Buenos Aires"]
[Date "2004.05.19"]
[Round "1"]
[White "Albarran, Gustavo Eduardo"]
[Black "De Zan, Alberto Justo"]
[Result "1/2-1/2"]
[WhiteElo "2237"]
[BlackElo "2099"]
[PlyCount "93"]
[EventDate "2004.05.19"]
[EventType "swiss"]
[EventRounds "7"]
[EventCountry "ARG"]
[SourceTitle "EXT 2006"]
[Source "ChessBase"]
[SourceDate "2005.11.24"]
[SourceVersion "1"]
[SourceVersionDate "2005.11.24"]
[SourceQuality "1"]

1. d4 Nf6 2. c4 g6 3. Nc3 d5 4. h4 h6 5. cxd5 Nxd5 6. e4 Nxc3 7. bxc3 Bg7 8. Be3 c5 9. Qd2 cxd4 10. cxd4 Nc6 11. Rd1 0-0 12. Bxh6 Bxh6 13. Qxh6 Nxd4 14. Qd2 Nc6 15. Qxd8 Rxd8 16. Rxd8+ Nxd8 17. Bc4 Be6 18. Bxe6 Nxe6 19. Ne2 Rd8 20. Rh3 Nc5 21. Rc3 b6 22. f3 Nd3+ 23. Kf1 Rd7 24. a3 b5 25. g4 Ne5 26. Kf2 Nc4 27. a4 a6 28. axb5 axb5 29. Rb3 Rb7 30. Nc3 b4 31. Nd5 Ne5 32. Kg3 Nc6 33. g5 Kg7 34. f4 e6 35. Ne3 Ra7 36. Nc2 Rd7 37. f5 exf5 38. exf5 gxf5 39. h5 Rd2 40. Nxb4 Nd4 41. Rd3 f4+ 42. Kxf4 Ne6+ 43. Kg4 Rg2+ 44. Rg3 Rxg3+ 45. Kxg3 Nxg5 46. Kg4 Kh6 47. Nd5 1/2-1/2

[Event "Internet Section 09B g/8'+2\""]
[Site "Dos Hermanas"]
[Date "2004.03.09"]
[Round "4"]
[White "Haslinger, Stewart"]
[Black "Albarran, Gustavo Eduardo"]
[Result "1-0"]
[WhiteElo "2410"]
[BlackElo "2226"]
[PlyCount "71"]
[EventDate "2004.03.09"]
[EventType "swiss (blitz)"]
[EventRounds "9"]
[EventCountry "ESP"]
[SourceTitle "CBM 099 Extra"]
[Source "ChessBase"]
[SourceDate "2004.05.04"]
[SourceVersion "1"]
[SourceVersionDate "2004.05.04"]
[SourceQuality "1"]

1. c4 c5 2. Nf3 g6 3. d4 cxd4 4. Nxd4 Bg7 5. e4 Nc6 6. Be3 Nf6 7. Nc3 d6 8. Be2 0-0 9. 0-0 Nxd4 10. Bxd4 Bd7 11. Qd2 Bc6 12. Bd3 Re8 13. b4 a5 14. a3 b6 15. f3 Nd7 16. Be2 Bxd4+ 17. Qxd4 Qc7 18. Rfd1 axb4 19. axb4 Nf8 20. g3 e5 21. Qd2 Rxa1 22. Rxa1 Ne6 23. Nd5 Bxd5 24. Qxd5 Nd4 25. Kf2 Kg7 26. Bd3 Qc6 27. Ra7 Qxd5 28. exd5 b5 29. c5 dxc5 30. bxc5 Rd8 31. Be4 Kf8 32. c6 f5 33. c7 Rc8 34. d6 Ke8 35. Bb7 Kd7 36. Bxc8+ 1-0

[Event "ARG Circuit"]
[Site "Vicente Lopez"]
[Date "2004.??.??"]
[Round "2.2"]
[White "Albarran, Gustavo Eduardo"]
[Black "Della Morte, Pablo"]
[Result "0-1"]
[WhiteElo "2237"]
[BlackElo "2302"]
[PlyCount "56"]
[EventDate "2004.08.03"]
[EventType "k.o."]
[EventRounds "3"]
[EventCountry "ARG"]
[SourceTitle "CBM 101 Extra"]
[Source "ChessBase"]
[SourceDate "2004.09.01"]
[SourceVersion "2"]
[SourceVersionDate "2004.09.01"]
[SourceQuality "1"]

1. d4 Nf6 2. c4 g6 3. Nc3 Bg7 4. e4 d6 5. f4 0-0 6. Nf3 c5 7. d5 e6 8. Be2 exd5 9. cxd5 Bg4 10. 0-0 Nbd7 11. h3 Bxf3 12. Bxf3 Re8 13. g4 h6 14. h4 h5 15. g5 Ng4 16. Bxg4 hxg4 17. e5 dxe5 18. f5 gxf5 19. Rxf5 e4 20. Qxg4 Bd4+ 21. Kf1 Ne5 22. Rxe5 Rxe5 23. Nxe4 Qc8 24. Nf6+ Kg7 25. Qg3 Qf5+ 26. Bf4 Re3 27. Qg4 Qxg4 28. Nxg4 Rf3+ 0-1

[Event "Torre Blanca op"]
[Site "Buenos Aires"]
[Date "2003.12.18"]
[Round "8.3"]
[White "Albarran, Gustavo Eduardo"]
[Black "Mazziotti Irigoyen, Gabriel"]
[Result "1-0"]
[WhiteElo "2226"]
[BlackElo "2162"]
[PlyCount "103"]
[EventDate "2003.12.02"]
[EventType "swiss"]
[EventRounds "9"]
[EventCountry "ARG"]
[SourceTitle "CBM 097 Extra"]
[Source "ChessBase"]
[SourceDate "2004.01.13"]
[SourceVersion "1"]
[SourceVersionDate "2004.01.13"]
[SourceQuality "1"]

1. d4 d5 2. c4 dxc4 3. e3 e5 4. Bxc4 exd4 5. exd4 Bd6 6. Nc3 Nf6 7. Nf3 0-0 8. 0-0 h6 9. Ne5 Nc6 10. Bf4 Bxe5 11. Bxe5 Ng4 12. Bg3 Qxd4 13. Qxd4 Nxd4 14. Bxc7 Be6 15. Bxe6 Nxe6 16. Bd6 Rfd8 17. Rad1 Rd7 18. h3 Rad8 19. Bg3 Nf6 20. Rxd7 Rxd7 21. Rd1 Rxd1+ 22. Nxd1 Ne4 23. Bb8 a6 24. f3 N4c5 25. Kf2 Kf8 26. Ke3 Ke7 27. Nc3 b5 28. b4 Nb7 29. a4 bxa4 30. Nxa4 Kd7 31. Nb6+ Kc6 32. Nc4 Kb5 33. Nd6+ Nxd6 34. Bxd6 Kc4 35. Ke4 Nd8 36. Bf8 Ne6 37. Be7 Nc7 38. g4 Nd5 39. Bf8 g6 40. Ke5 h5 41. g5 h4 42. Bd6 Nxb4 43. Kf6 a5 44. Kxf7 a4 45. Kxg6 a3 46. Kh5 a2 47. Be5 Kd5 48. Ba1 Ke6 49. g6 Nc2 50. Bb2 Ne1 51. Kh6 Nd3 52. g7 1-0

[Event "Torre Blanca op"]
[Site "Buenos Aires"]
[Date "2003.12.09"]
[Round "4.3"]
[White "Albarran, Gustavo Eduardo"]
[Black "Garcia, Sebastian"]
[Result "0-1"]
[WhiteElo "2226"]
[BlackElo "2144"]
[PlyCount "72"]
[EventDate "2003.12.02"]
[EventType "swiss"]
[EventRounds "9"]
[EventCountry "ARG"]
[SourceTitle "CBM 097 Extra"]
[Source "ChessBase"]
[SourceDate "2004.01.13"]
[SourceVersion "1"]
[SourceVersionDate "2004.01.13"]
[SourceQuality "1"]

1. d4 d5 2. c4 e6 3. Nc3 Nf6 4. cxd5 exd5 5. Bg5 Be7 6. e3 c6 7. Bd3 Nbd7 8. Qc2 0-0 9. Nge2 Re8 10. 0-0 Nf8 11. f3 Ng6 12. e4 dxe4 13. fxe4 Be6 14. h3 Rc8 15. Rad1 Qa5 16. Qd2 Kh8 17. Kh1 Rcd8 18. e5 Nd5 19. Bxe7 Ndxe7 20. Qg5 f6 21. Rxf6 gxf6 22. Qxf6+ Kg8 23. Qxe6+ Kh8 24. Qf6+ Kg8 25. Bc4+ Nd5 26. Bxd5+ cxd5 27. Ng3 Rf8 28. Qe6+ Kh8 29. Nf5 Nf4 30. Qh6 Rxf5 31. g4 Rff8 32. e6 Qb6 33. Re1 Qxb2 34. Ne2 Nxe2 35. e7 Ng3+ 36. Kg1 Qf2# 0-1

[Event "Torre Blanca-ch"]
[Site "Buenos Aires"]
[Date "2003.11.10"]
[Round "2"]
[White "Mazziotti Irigoyen, Gabriel"]
[Black "Albarran, Gustavo Eduardo"]
[Result "1-0"]
[WhiteElo "2162"]
[BlackElo "2226"]
[PlyCount "66"]
[EventDate "2003.11.??"]
[EventType "swiss"]
[EventRounds "7"]
[EventCountry "ARG"]
[SourceTitle "EXT 2005"]
[Source "ChessBase"]
[SourceDate "2004.11.15"]
[SourceVersion "1"]
[SourceVersionDate "2004.11.15"]
[SourceQuality "1"]

1. e4 e6 2. Qe2 c5 3. g3 Nc6 4. c3 Nf6 5. Bg2 d5 6. d3 Be7 7. Nf3 dxe4 8. dxe4 e5 9. Na3 Be6 10. 0-0 h6 11. Nh4 0-0 12. Nc4 Re8 13. Ne3 Bf8 14. Rd1 Qa5 15. Nd5 Nd7 16. Nf5 Kh7 17. Nfe3 Rac8 18. a4 a6 19. Nc4 Qd8 20. a5 Bxd5 21. exd5 Na7 22. Bh3 Rc7 23. d6 Rc6 24. Bxd7 Qxd7 25. Nxe5 Rxe5 26. Qxe5 Bxd6 27. Bf4 Nb5 28. Qe4+ f5 29. Qf3 Qf7 30. Bxd6 Nxd6 31. Rd5 Kg6 32. Rad1 Ne4 33. g4 Ng5 1-0